000 00269nam a2200097Ia 4500
001 703775
005 20250826162358.0
008 250824s9999 xx 000 0 und d
245 0 _aŞİRİN CAN KURTARAN BAYRAM HARÇLIĞI
_cBİRSEN EKİM ÖZEN
260 _bTİMAŞ YAYINLARI
999 _c703775
_d703775